000 00293nam a22001337a 4500
008 211011b ||||| |||| 00| 0 eng d
041 _aeng
080 _22nd
_a371
082 _a371
100 _a46
101 _aEDU
245 _aThe Harbrace Guide to Writing
_cGleen,Ch
942 _2udc
_cBK
999 _c58131
_d58131